| 000 | 00342nam a2200133Ia 4500 | ||
|---|---|---|---|
| 008 | 240624s9999 xx 000 0 und d | ||
| 041 | _aeng | ||
| 082 | _a658 ALL | ||
| 100 | _aALLEN PETER | ||
| 245 | _aSAGE HANDBOOK OF COMPLEXITY AND MANAGEME | ||
| 260 |
_c2011 _aManagement _bSage Publications Ltd |
||
| 300 | _a672 : p. | ||
| 365 |
_cGBP _b38 |
||
| 999 |
_c22110 _d22110 |
||